000 00410nam a2200169 4500
005 20251210154316.0
008 CU72
020 _a9780324185102
050 _aHF 5415 BOO
100 _aLOUIS E. BOONE
245 _aCONTEMPORARY MARKETING
250 _a11TH ED.
260 _aAUSTRALIA
_bTHOMSON
_c2004
300 _aXXXVII,599p.,TABLES,PIE CHAR,TILLUS.
500 _aNOTES,GLOSSARY,INDEX
942 _2lcc
_cBK
_n0
999 _c8538
_d8538